| 000 | 00688nam a2200205Ia 4500 | ||
|---|---|---|---|
| 005 | 20241216011331.0 | ||
| 008 | 190429s9999||||xx |||||||||||||| ||und|| | ||
| 082 |
_a574.23 _bM49 |
||
| 100 | _aMEZARINA MENDOZA, FANNY GRACIELA Y QUISPE CONDEZO, SELMY | ||
| 245 | 0 | _aTIPOS DE ENFERMEDADES PARASITARIAS QUE AFECTAN A LOS NIÑOS MENORES DE 12 AÑOS Y SU RELACION CON EL TIPO NUTRICIONAL Y TIPOS DE ANEMIAS HOSPITAL DE LA MERCED 1995 | |
| 250 | _a0 | ||
| 260 |
_aCERRO DE PASCO-PERU _bUNDAC _c1995 |
||
| 300 |
_a67 pag. _c29 cm. |
||
| 341 | _h0 | ||
| 490 |
_v0 _a0 |
||
| 505 | _aMATERIALES-METODOS-RESULTADOS | ||
| 541 |
_aD _d17-Sep-98 _oSoles |
||
| 650 | _aEnfermería | ||
| 942 | _cTESIS | ||
| 999 |
_c39055 _d39055 |
||